Los derechos humanos / (Record no. 55429)

MARC details
000 -LEADER
campo de control de longitud fija 00717nam a2200217 i 4500
001 - NÚMERO DE CONTROL
campo de control 55429
003 - IDENTIFICADOR DE NÚMERO DE CONTROL
campo de control ES-MaACL
005 - FECHA Y HORA DE LA ÚLTIMA TRANSACCIÓN
campo de control 20250809042451.0
007 - CAMPO FIJO DE DESCRIPCIÓN FÍSICA--INFORMACIÓN GENERAL
campo de control de longitud fija t|
008 - DATOS DE LONGITUD FIJA--INFORMACIÓN GENERAL
campo de control de longitud fija 030919s1966 sp ||||1| spa d
080 ## - NÚMERO DE LA CLASIFICACIÓN DECIMAL UNIVERSAL
Número de la Clasificación Decimal Universal 342.7
245 04 - MENCIÓN DEL TÍTULO
Título Los derechos humanos /
Mención de responsabilidad, etc. condesa de Campo Alange ... [et al.].
260 ## - PUBLICACIÓN, DISTRIBUCIÓN, ETC.
Lugar de publicación, distribución, etc. [Madrid] :
Nombre del editor, distribuidor, etc. Ciencia Nueva,
Fecha de publicación, distribución, etc. [1966]
300 ## - DESCRIPCIÓN FÍSICA
Extensión 61 p. ;
Dimensiones 17 cm.
490 1# - MENCIÓN DE SERIE
Mención de serie Cuadernos del Club de Amigos de la Unesco ;
Designación de volumen o secuencia 2
650 #7 - PUNTO DE ACCESO ADICIONAL DE MATERIA--TÉRMINO DE MATERIA
Término de materia o nombre geográfico como elemento de entrada Derechos humanos
Fuente del encabezamiento o término embne
9 (RLIN) 11770
700 1# - ENTRADA AGREGADA--NOMBRE PERSONAL
Nombre de persona Campo Alange, María Laffitte,
Títulos y otros términos asociados al nombre Condesa de,
Fechas asociadas al nombre 1902-1986
9 (RLIN) 34205
830 1# - PUNTO DE ACCESO ADICIONAL DE SERIE-TÍTULO UNIFORME
Título uniforme Cuadernos del Club de Amigos de la Unesco ;
Designación de volumen o secuencia 2
9 (RLIN) 230340
852 4# - LOCALIZACIÓN
Ubicación ES-MaACL
Número de control de estantería C-30668
Holdings
Estatus retirado Estado de pérdida Estado de daño No para préstamo Biblioteca de origen Biblioteca actual Ubicación en estantería Fecha de adquisición Fuente de adquisición Total de préstamos Signatura topográfica completa Código de barras Visto por última vez Precio de reemplazo Tipo de ítem Koha
        Biblioteca del Ateneo de Madrid Biblioteca del Ateneo de Madrid Depósito 2 17/01/2008     C-30668 1058237 23/02/2023 23/02/2023 Libro impreso